[Event "Mark Evgenievich Taimanov "]
[Site "SchemingMind.com"]
[Date "2009.06.08"]
[Round "-"]
[White "Dr_Pat"]
[Black "pawnslinger"]
[Result "0-1"]
[WhiteCountry "USA"]
[BlackCountry "USA"]
[WhiteElo "2099"]
[WhiteRD "56"]
[BlackElo "2401"]
[BlackRD "93"]
[GameID "207831"]

1. d4 Nf6 2. c4 g6 3. Nc3 Bg7 4. e4 d6 5. Nf3 O-O 6. Be2 e5 7. d5 a5 8. O-O Na6 9. Be3 Nh5 10. Qd2 Nc5
11. Bxc5 dxc5 12. Rad1 Nf4 13. g3 Nxe2+ 14. Qxe2 Bg4 15. Qe3 f5 16. exf5 gxf5 17. Rde1 Bh3 18. Qxc5 Bxf1 19. Kxf1 e4 20. Nh4 Rf7
21. Rd1 a4
0-1

[Event "Mark Evgenievich Taimanov "]
[Site "SchemingMind.com"]
[Date "2009.06.09"]
[Round "-"]
[White "HanadaNo3"]
[Black "Dr_Pat"]
[Result "1-0"]
[WhiteCountry "USA"]
[BlackCountry "USA"]
[WhiteElo "2496"]
[WhiteRD "92"]
[BlackElo "2099"]
[BlackRD "56"]
[GameID "207832"]

1. e4 Nf6 2. e5 Nd5 3. d4 d6 4. Nf3 Bg4 5. Be2 e6 6. h3 Bh5 7. O-O Be7 8. c4 Nb6 9. Be3 O-O 10. Nc3 Nc6
11. exd6 cxd6 12. d5 exd5 13. cxd5 Bxf3 14. Bxf3 Ne5 15. Be2 Rc8 16. Rc1 Nec4 17. Bxc4 Nxc4 18. Bd4 Bg5 19. Rc2 Re8 20. Bxa7 Nxb2
21. Rxb2 Rxc3 22. Rxb7 Qa5 23. Be3 Bxe3 24. fxe3 Rcxe3 25. Rbxf7 Re1 26. Qxe1 Qxe1 27. Rf8+ Rxf8 28. Rxe1 Ra8 29. Re6 Kf7 30. Rxd6 Rxa2
31. Kh2 Ke7 32. Rb6
1-0

[Event "Mark Evgenievich Taimanov "]
[Site "SchemingMind.com"]
[Date "2009.06.08"]
[Round "-"]
[White "chesshub"]
[Black "Dr_Pat"]
[Result "1-0"]
[WhiteCountry "FRA"]
[BlackCountry "USA"]
[WhiteElo "2485"]
[WhiteRD "76"]
[BlackElo "2060"]
[BlackRD "62"]
[GameID "207833"]

1. d4 d5 2. c4 c6 3. Nc3 Nf6 4. e3 e6 5. b3 Bb4 6. Bb2 Qa5 7. Qc2 dxc4 8. Bxc4 Nbd7 9. a3 Qg5 10. f4 Bxc3+
11. Bxc3 Qh4+ 12. g3
1-0

[Event "Mark Evgenievich Taimanov "]
[Site "SchemingMind.com"]
[Date "2009.06.08"]
[Round "-"]
[White "MichaelDV"]
[Black "Dr_Pat"]
[Result "1-0"]
[WhiteCountry "SWE"]
[BlackCountry "USA"]
[WhiteElo "2433"]
[WhiteRD "80"]
[BlackElo "2099"]
[BlackRD "56"]
[GameID "207834"]

1. d4 d5 2. c4 c6 3. Nf3 Nf6 4. e3 Bf5 5. Nc3 e6 6. Nh4 Bg6 7. Be2 Nbd7 8. O-O Qc7 9. cxd5 exd5 10. f4 Bd6
11. Nf3 h6 12. Ne5 Bh7 13. Bd3 O-O 14. Bxh7+ Kxh7 15. Qd3+ Kh8 16. Bd2 Rae8 17. Be1 Qd8 18. Bh4 Qb6 19. Qf5 Qxb2 20. Nxd7 Nxd7
21. Qxd7
1-0

[Event "Mark Evgenievich Taimanov "]
[Site "SchemingMind.com"]
[Date "2009.06.09"]
[Round "-"]
[White "Chess_Man01"]
[Black "Dr_Pat"]
[Result "1-0"]
[WhiteCountry "GBR"]
[BlackCountry "USA"]
[WhiteElo "1998"]
[WhiteRD "71"]
[BlackElo "2099"]
[BlackRD "56"]
[GameID "207835"]

1. d4 d5 2. c4 c6 3. Nf3 Nf6 4. Nc3 e6 5. e3 Nbd7 6. Bd3 dxc4 7. Bxc4 b5 8. Bd3 a6 9. e4 c5 10. e5 cxd4
11. Nxb5 Nxe5 12. Nxe5 axb5 13. Bxb5+ Bd7 14. Nxd7 Qa5+ 15. Bd2 Qxb5 16. Nxf8 Rxf8 17. a4 Qe5+ 18. Qe2 Qxe2+ 19. Kxe2
1-0

[Event "Mark Evgenievich Taimanov "]
[Site "SchemingMind.com"]
[Date "2009.06.09"]
[Round "-"]
[White "Girkassa"]
[Black "Dr_Pat"]
[Result "1-0"]
[WhiteCountry "NOR"]
[BlackCountry "USA"]
[WhiteElo "2267"]
[WhiteRD "96"]
[BlackElo "2099"]
[BlackRD "56"]
[GameID "207836"]

1. d4 d5 2. c4 c6 3. Nf3 Nf6 4. Nc3 e6 5. e3 Nbd7 6. Bd3 Be7 7. O-O dxc4 8. Bxc4 b5 9. Bd3 O-O 10. e4 b4
11. Na4
1-0

[Event "Mark Evgenievich Taimanov "]
[Site "SchemingMind.com"]
[Date "2009.06.08"]
[Round "-"]
[White "pawnslinger"]
[Black "Dr_Pat"]
[Result "1-0"]
[WhiteCountry "USA"]
[BlackCountry "USA"]
[WhiteElo "2401"]
[WhiteRD "93"]
[BlackElo "2099"]
[BlackRD "56"]
[GameID "207837"]

1. e4 Nf6 2. e5 Nd5 3. d4 d6 4. Nf3 Bg4 5. Be2 e6 6. O-O Be7 7. c4 Nb6 8. Be3 O-O 9. Nc3 Nc6 10. exd6 cxd6
11. b3 d5 12. c5 Nc8 13. Rc1 Bf6 14. h3 Bxf3 15. Bxf3 N8e7 16. g4 h6 17. Qd2 Rb8 18. Rb1 Ng6 19. b4 a6 20. Be2
1-0

[Event "Mark Evgenievich Taimanov "]
[Site "SchemingMind.com"]
[Date "2009.06.15"]
[Round "-"]
[White "eraymond"]
[Black "HanadaNo3"]
[Result "0-1"]
[WhiteCountry "CAN"]
[BlackCountry "USA"]
[WhiteElo "2250"]
[WhiteRD "90"]
[BlackElo "2519"]
[BlackRD "93"]
[GameID "208088"]

1. e4 e5 2. Nf3 Nc6 3. Bc4 Nf6 4. Ng5 d5 5. exd5 Na5 6. Bb5+ c6 7. dxc6 bxc6 8. Be2 h6 9. Nf3 e4 10. Ne5 Bd6
11. d4 exd3 12. Nxd3 O-O 13. b3 c5
0-1

[Event "Mark Evgenievich Taimanov "]
[Site "SchemingMind.com"]
[Date "2009.06.15"]
[Round "-"]
[White "eraymond"]
[Black "MichaelDV"]
[Result "1/2-1/2"]
[WhiteCountry "CAN"]
[BlackCountry "SWE"]
[WhiteElo "2194"]
[WhiteRD "85"]
[BlackElo "2412"]
[BlackRD "69"]
[GameID "208091"]

1. e4 e5 2. Nf3 Nc6 3. Bc4 Be7 4. d4 d6 5. dxe5 dxe5 6. Qxd8+ Bxd8 7. Be3 Nf6 8. Nc3 Be7 9. O-O-O a6 10. h3 Bd6
11. Ng5 O-O 12. Nd5 Nxd5=
1/2-1/2

[Event "Mark Evgenievich Taimanov "]
[Site "SchemingMind.com"]
[Date "2009.06.15"]
[Round "-"]
[White "eraymond"]
[Black "Chess_Man01"]
[Result "0-1"]
[WhiteCountry "CAN"]
[BlackCountry "GBR"]
[WhiteElo "2125"]
[WhiteRD "83"]
[BlackElo "2163"]
[BlackRD "76"]
[GameID "208092"]

1. e4 d5 2. exd5 Nf6 3. d4 Bg4 4. f3 Bf5 5. g4 Bg6 6. c4 e6 7. Qb3 c5 8. g5 Nh5 9. Qxb7 Nd7 10. dxe6 fxe6
11. d5 Rb8 12. Qa6 exd5 13. cxd5 Bd6 14. Qe2+ Ne5 15. f4 Nxf4 16. Bxf4 O-O
0-1

[Event "Mark Evgenievich Taimanov "]
[Site "SchemingMind.com"]
[Date "2009.06.15"]
[Round "-"]
[White "eraymond"]
[Black "Girkassa"]
[Result "0-1"]
[WhiteCountry "CAN"]
[BlackCountry "NOR"]
[WhiteElo "2194"]
[WhiteRD "85"]
[BlackElo "2265"]
[BlackRD "87"]
[GameID "208093"]

1. e4 e5 2. Nf3 Nc6 3. Bc4 Nf6 4. Ng5 d5 5. exd5 Na5 6. Bb5+ Bd7 7. Qe2 Be7 8. Nc3 O-O 9. Bxd7 Qxd7 10. O-O Nxd5
0-1

[Event "Mark Evgenievich Taimanov "]
[Site "SchemingMind.com"]
[Date "2009.06.15"]
[Round "-"]
[White "eraymond"]
[Black "pawnslinger"]
[Result "0-1"]
[WhiteCountry "CAN"]
[BlackCountry "USA"]
[WhiteElo "2194"]
[WhiteRD "85"]
[BlackElo "2414"]
[BlackRD "86"]
[GameID "208094"]

1. e4 c5 2. Nf3 d6 3. d4 cxd4 4. Nxd4 Nf6 5. Nc3 a6 6. Be2 e5 7. Nb3 Be6 8. O-O Be7 9. f4 O-O 10. f5 Bd7
11. Be3 Bc6 12. Bf3 Nbd7 13. Qe1 b5 14. a3 a5
0-1

[Event "Mark Evgenievich Taimanov "]
[Site "SchemingMind.com"]
[Date "2009.06.15"]
[Round "-"]
[White "HanadaNo3"]
[Black "eraymond"]
[Result "1-0"]
[WhiteCountry "USA"]
[BlackCountry "CAN"]
[WhiteElo "2519"]
[WhiteRD "93"]
[BlackElo "2250"]
[BlackRD "90"]
[GameID "208095"]

1. e4 e5 2. Nf3 Nf6 3. Nxe5 d6 4. Nf3 Nxe4 5. Nc3 Nf6 6. d4 Be7 7. Bd3 O-O 8. O-O d5 9. h3 Re8 10. Bf4 c6
11. Re1 Nbd7 12. Qd2 Nb6 13. b3
1-0

[Event "Mark Evgenievich Taimanov "]
[Site "SchemingMind.com"]
[Date "2009.06.15"]
[Round "-"]
[White "MichaelDV"]
[Black "eraymond"]
[Result "1-0"]
[WhiteCountry "SWE"]
[BlackCountry "CAN"]
[WhiteElo "2412"]
[WhiteRD "66"]
[BlackElo "2125"]
[BlackRD "83"]
[GameID "208098"]

1. Nf3 d5 2. d4 Nf6 3. c4 e6 4. g3 dxc4 5. Bg2 c5 6. O-O Nc6 7. Qa4 Bd7 8. Qxc4 cxd4 9. Nxd4 Rc8 10. Nc3 Nxd4
11. Qxd4 Bc5 12. Qh4 Bc6 13. Rd1 Qa5 14. Bxc6+ Rxc6 15. Bg5 Be7 16. Ne4 Qe5 17. Nxf6+ Bxf6 18. Bxf6 Qxf6 19. Qxf6
1-0

[Event "Mark Evgenievich Taimanov "]
[Site "SchemingMind.com"]
[Date "2009.06.15"]
[Round "-"]
[White "Chess_Man01"]
[Black "eraymond"]
[Result "1-0"]
[WhiteCountry "GBR"]
[BlackCountry "CAN"]
[WhiteElo "2163"]
[WhiteRD "76"]
[BlackElo "2125"]
[BlackRD "83"]
[GameID "208099"]

1. d4 Nf6 2. c4 e6 3. Nc3 d5 4. Nf3 c6 5. e3 Nbd7 6. Bd3 dxc4 7. Bxc4 b5 8. Bd3 a6 9. e4 c5 10. e5 cxd4
11. Nxb5 Nxe5 12. Nxe5 axb5 13. Bxb5+ Bd7 14. Nxd7 Qa5+ 15. Bd2 Qxb5 16. Nxf8 Kxf8 17. a4
1-0

[Event "Mark Evgenievich Taimanov "]
[Site "SchemingMind.com"]
[Date "2009.06.15"]
[Round "-"]
[White "pawnslinger"]
[Black "eraymond"]
[Result "1-0"]
[WhiteCountry "USA"]
[BlackCountry "CAN"]
[WhiteElo "2423"]
[WhiteRD "88"]
[BlackElo "2250"]
[BlackRD "90"]
[GameID "208101"]

1. e4 e5 2. Nf3 Nf6 3. d4 Nxe4 4. Bd3 d5 5. Nxe5 Nd7 6. O-O Nxe5 7. dxe5 Nc5 8. Be3 Nxd3 9. Qxd3 c6 10. Nd2 Qd7
11. f4 Qf5 12. Qc3 Bd7 13. Nb3 b6 14. Rad1
1-0